C by example (Record no. 6148)

MARC details
000 -LEADER
fixed length control field 00479 a2200169 4500
001 - CONTROL NUMBER
control field 131741
003 - CONTROL NUMBER IDENTIFIER
control field OSt
005 - DATE AND TIME OF LATEST TRANSACTION
control field 20210916173609.0
008 - FIXED-LENGTH DATA ELEMENTS--GENERAL INFORMATION
fixed length control field
082 ## - DEWEY DECIMAL CLASSIFICATION NUMBER
Classification number 005.133
Item number K12C
100 1# - MAIN ENTRY--PERSONAL NAME
Personal name Kalicharan, Noel
245 1# - TITLE STATEMENT
Title C by example
Statement of responsibility, etc by Noel Kalicharan
260 ## - PUBLICATION, DISTRIBUTION, ETC. (IMPRINT)
Place of publication, distribution, etc New york
Name of publisher, distributor, etc Cambridge university press
Date of publication, distribution, etc 2010
300 ## - PHYSICAL DESCRIPTION
Extent 361p.
690 ## - LOCAL SUBJECT ADDED ENTRY--TOPICAL TERM (OCLC, RLIN)
Topical term or geographic name as entry element C (Computer program language); Programming languages (Electronic computers)
942 ## - ADDED ENTRY ELEMENTS (KOHA)
Source of classification or shelving scheme Dewey Decimal Classification
Koha item type Books
Holdings
Withdrawn status Lost status Source of classification or shelving scheme Damaged status Not for loan Collection code Home library Current library Date acquired Source of acquisition Cost, normal purchase price Full call number Barcode Date last seen Price effective from Koha item type
    Dewey Decimal Classification     General Text Book Central University Of Rajasthan Central University Of Rajasthan 08/06/2012 CSC 195.00 005.133 K12C 7821 02/09/2020 02/09/2020 Books